Kpop Membres d'Ateez : Halazia & Work - Statistiques

Statistiques générales
  • Ce quiz a été pris 294 fois
  • Le résultat moyen est 15 sur 16
Statistiques - réponses
Par images Réponse % Correct
San
100%
San
98%
Yeosang
96%
Mingi
95%
Yeosang
95%
Mingi
94%
Wooyoung
94%
Jongho
93%
Seonghwa
93%
Wooyoung
93%
Yunho
93%
Yunho
93%
Jongho
92%
Seonghwa
92%
Hongjoong
91%
Hongjoong
90%
Aucun quiz correspondant
Distribution des résultats
% des personnes avec chaque résultat
Percentile par nombre de réponses
Votre historique - résultats
Vous n’avez pas pris ce quiz